Normal view
MARC view
Entry Personal Name
001 - CONTROL NUMBER
- control field: 50848
003 - CONTROL NUMBER IDENTIFIER
- control field: dpl
005 - DATE AND TIME OF LATEST TRANSACTION
- control field: 20120807155921.0
008 - FIXED-LENGTH DATA ELEMENTS
- fixed length control field: 120807|||a|||||| | ||| d
040 ## - CATALOGING SOURCE
- Original cataloging agency: dpl
- Transcribing agency: dpl
100 ## - HEADING--PERSONAL NAME
- Personal name: भारद्वाज, मीनाक्षी
670 ## - SOURCE DATA FOUND
- Source citation: Work cat.: (dpl)62359: भारद्वाज, मीनाक्षी, पोकिरो तोता और पैनी नाक वला ओझा /, 2011
670 ## - SOURCE DATA FOUND
- Source citation: Work cat.: (dpl)62359: भारद्वाज, मीनाक्षी, पोकिरो तोता और पैनी नाक वला ओझा /, 2011
